| 000 | 01053nam a2200253Ia 4500 | ||
|---|---|---|---|
| 999 |
_c44486 _d44486 |
||
| 001 | 11284 | ||
| 003 | GE_BSU | ||
| 005 | 20210407140606.0 | ||
| 008 | 181216s1955||||ge |||||||||||||| ||geo|| | ||
| 040 | _cGE_BSU | ||
| 041 | _ageo | ||
| 080 | _a631.4(075.8) გ-27 | ||
| 100 |
_aგედევანიშვილი დ.პ. _911138 |
||
| 245 |
_aნიადაგთმცოდნეობის კურსი / _cდ.პ. გედევანიშვილი, გ.რ. ტალახაძე. |
||
| 245 | _c | ||
| 264 |
_aთბილისი. _bსას-სამ. ინ-ტის გამ-ბა, _c1955. |
||
| 300 |
_a516 გვ.: _b ცხრ., ილ. _c23 სმ. |
||
| 504 | _aბიბლიოგრ.: გვ. 513 | ||
| 653 | _aნიადაგთმცოდნეობის კურსი | ||
| 653 | _aნიადაგმცოდნეობა | ||
| 653 | _aსანიადაგო გამოკვლ;ევები | ||
| 700 |
_aტალახაძე, გ.რ _911139 |
||
| 942 |
_cBK _2udc |
||